Introduction to bacterial physiology
Bewaard in:
| Hoofdauteur: | |
|---|---|
| Formaat: | Boek |
| Taal: | Engels |
| Gepubliceerd in: |
Nueva York
McGraw-Hill
1957
|
| Onderwerpen: | |
| Tags: |
Voeg label toe
Geen labels, Wees de eerste die dit record labelt!
|
MARC
| LEADER | 00000nam a2200000 a 4500 | ||
|---|---|---|---|
| 001 | UCV3706 | ||
| 003 | CL-VaPUC | ||
| 008 | 910704e19570000US |||||||||||||||||eng|d | ||
| 082 | 0 | 4 | |a 589.901 |b CLI |2 21 |
| 100 | 0 | |a Clifton, Charles Egolf |e author |9 298002 | |
| 245 | 1 | 0 | |a Introduction to bacterial physiology |
| 300 | |a 414 p | ||
| 942 | |c BK | ||
| 945 | |d 19910704 00:00:00 |a mfernand | ||
| 260 | |a Nueva York |b McGraw-Hill |c 1957 | ||
| 650 | 0 | |a Bacterias |9 298237 | |
| 650 | 0 | |a Fisiología |9 298004 | |
| 583 | |a last modification |c 19910704 00:00:00 |k Rodrigo Vera | ||
| 999 | |c 210845 |d 210843 | ||
| 952 | |0 0 |1 0 |4 0 |6 589_901000000000000_CLI_1957 |7 0 |8 A |9 187774 |a BIBALI |b BIBALI |c GEN |d 2019-11-14 |i 2553058 |o 589.901 CLI 1957 |p 2553058 |r 2025-01-20 |w 2019-11-14 |y BK |k ALI | ||
| 952 | |0 0 |1 0 |4 0 |6 589_901000000000000_CLI_1957 |7 0 |8 A |9 187775 |a BIBALI |b BIBALI |c GEN |d 2019-11-14 |i 2977990 |o 589.901 CLI 1957 |p 2977990 |r 2025-01-20 |w 2019-11-14 |y BK |k ALI | ||